| 000 | 00474nam a22001937a 4500 | ||
|---|---|---|---|
| 003 | MPLRDC | ||
| 005 | 20220104161222.0 | ||
| 008 | 210129b ||||| |||| 00| 0 eng d | ||
| 020 | _a962-883-230-1 | ||
| 082 | _a690.33 HJQ | ||
| 100 | _a胡嘉琪编 | ||
| 245 |
_a中山珠海假期 _c |
||
| 250 | _a三版 | ||
| 260 |
_a香港 _b嘉出版有限公司 _c2005 |
||
| 300 | _b平 | ||
| 490 | _a自助假期系列. 7 | ||
| 650 | _a中国游记 | ||
| 942 |
_cBK _o690.33 HJQ |
||
| 999 |
_c55375 _d55365 |
||